| 000 | 00458cam a2200181ua 4500 | ||
|---|---|---|---|
| 020 | _c1.4 anna | ||
| 041 |
_amal _h |
||
| 082 |
_a894.81209 _bGEO/MU |
||
| 100 | _aGeorge, K M . | ||
| 245 |
_aMunthiricharu / _cK M George. _hTextual Documents |
||
| 250 |
_a2 / _b. |
||
| 260 |
_aKottayam : _bSahitya Pravarthaka Co-operative Society , _c1955. |
||
| 300 | _a125 ; . | ||
| 365 | _a1.4 anna | ||
| 504 | _a | ||
| 942 | _cBK | ||
| 999 |
_c11806 _d11806 |
||